<?xml version="1.0" encoding="UTF-8"?>
<record
    xmlns:xsi="http://www.w3.org/2001/XMLSchema-instance"
    xsi:schemaLocation="http://www.loc.gov/MARC21/slim http://www.loc.gov/standards/marcxml/schema/MARC21slim.xsd"
    xmlns="http://www.loc.gov/MARC21/slim">

  <leader>01634nam a2200253 a 4500</leader>
  <controlfield tag="001">000000342</controlfield>
  <controlfield tag="005">20200929145327.0</controlfield>
  <controlfield tag="008">081112s2007    dr            000 0 spa d</controlfield>
  <datafield tag="020" ind1=" " ind2=" ">
    <subfield code="a">9789945161311</subfield>
  </datafield>
  <datafield tag="020" ind1=" " ind2=" ">
    <subfield code="a">9945161318</subfield>
  </datafield>
  <datafield tag="040" ind1=" " ind2=" ">
    <subfield code="a">DO-SdBNP</subfield>
    <subfield code="b">spa</subfield>
    <subfield code="c">BNPHU</subfield>
  </datafield>
  <datafield tag="082" ind1=" " ind2=" ">
    <subfield code="a">658.4092</subfield>
    <subfield code="b">H557L</subfield>
  </datafield>
  <datafield tag="100" ind1="1" ind2=" ">
    <subfield code="a">Hern&#xE1;ndez Abad, Adriano</subfield>
    <subfield code="9">1160</subfield>
  </datafield>
  <datafield tag="245" ind1="1" ind2="0">
    <subfield code="a">Liderazgo, servicio y calidad :</subfield>
    <subfield code="b">el &#xE9;xito junto a ti /</subfield>
    <subfield code="c">Adriano Hern&#xE1;ndez Abad, Dolores Guerrero.</subfield>
  </datafield>
  <datafield tag="260" ind1=" " ind2=" ">
    <subfield code="a">Santo Domingo :</subfield>
    <subfield code="b">B&#xFA;ho,</subfield>
    <subfield code="c">2007.</subfield>
  </datafield>
  <datafield tag="300" ind1=" " ind2=" ">
    <subfield code="a">134 p. ;</subfield>
    <subfield code="c">22 cm.</subfield>
  </datafield>
  <datafield tag="500" ind1=" " ind2=" ">
    <subfield code="a">Incluye datos biogr&#xE1;ficos del autor en la solapa de la cubierta</subfield>
  </datafield>
  <datafield tag="504" ind1=" " ind2=" ">
    <subfield code="a">Bibliograf&#xED;a : p. 133-134.</subfield>
  </datafield>
  <datafield tag="505" ind1="0" ind2=" ">
    <subfield code="a">Introducci&#xF3;n --</subfield>
    <subfield code="t">Liderazgo, servicio y calidad --</subfield>
    <subfield code="t">Ejercicio de reflexi&#xF3;n --</subfield>
    <subfield code="t">Autoestima y rendimiento laboral --</subfield>
    <subfield code="t">Inteligencia emocional --</subfield>
    <subfield code="t">Importancia de los valores para alcanzar el &#xE9;xito personal y empresarial --</subfield>
    <subfield code="t">Ejercicio de reflexi&#xF3;n --</subfield>
    <subfield code="t">Noci&#xF3;n y clases de libertad --</subfield>
    <subfield code="t">Los siete pecados capitales --</subfield>
    <subfield code="t">La servucci&#xF3;n --</subfield>
    <subfield code="t">Calidad --</subfield>
    <subfield code="t">Atenci&#xF3;n al cliente --</subfield>
    <subfield code="t">Ejercicio de reflexi&#xF3;n --</subfield>
    <subfield code="t">Ejercicio de reflexi&#xF3;n --</subfield>
    <subfield code="t">Identificaci&#xF3;n de las necesidades de los clientes --</subfield>
    <subfield code="t">Manejo de conflictos --</subfield>
    <subfield code="t">Qu&#xE9; hacer en caso de :</subfield>
    <subfield code="t">Urgencia m&#xE9;dica --</subfield>
    <subfield code="t">Robo --</subfield>
    <subfield code="t">Solicitan hablar con el gerente --</subfield>
    <subfield code="t">Clientes violentos, borrachos --</subfield>
    <subfield code="t">Servicios y organizaci&#xF3;n en la hoteler&#xED;a --</subfield>
    <subfield code="t">Organizaci&#xF3;n de un hotel --</subfield>
    <subfield code="t">Funciones y controles en la hoteleria --</subfield>
    <subfield code="t">Coodinaci&#xF3;n con otros departamentos --</subfield>
    <subfield code="t">Bibliograf&#xED;a.</subfield>
  </datafield>
  <datafield tag="650" ind1=" " ind2="4">
    <subfield code="a">Liderazgo</subfield>
    <subfield code="9">115</subfield>
  </datafield>
  <datafield tag="650" ind1=" " ind2="4">
    <subfield code="a">Servicio al cliente</subfield>
    <subfield code="9">1161</subfield>
  </datafield>
  <datafield tag="650" ind1=" " ind2="4">
    <subfield code="a">Efectividad organizacional</subfield>
    <subfield code="9">1162</subfield>
  </datafield>
  <datafield tag="700" ind1="1" ind2=" ">
    <subfield code="a">Guerrero, Dolores</subfield>
    <subfield code="9">1163</subfield>
  </datafield>
  <datafield tag="952" ind1=" " ind2=" ">
    <subfield code="0">0</subfield>
    <subfield code="1">0</subfield>
    <subfield code="5">4</subfield>
    <subfield code="7">5</subfield>
    <subfield code="8">DS</subfield>
    <subfield code="a">BNPHU</subfield>
    <subfield code="b">BNPHU</subfield>
    <subfield code="c">HD</subfield>
    <subfield code="d">2009-07-17</subfield>
    <subfield code="i">LF1</subfield>
    <subfield code="l">0</subfield>
    <subfield code="o">658.4092 H557L</subfield>
    <subfield code="p">342-30</subfield>
    <subfield code="r">2020-06-25</subfield>
    <subfield code="t">e. 3</subfield>
    <subfield code="w">2020-06-25</subfield>
    <subfield code="y">LF1</subfield>
    <subfield code="Z">Pr&#xE9;stamo en sala</subfield>
  </datafield>
  <datafield tag="952" ind1=" " ind2=" ">
    <subfield code="0">0</subfield>
    <subfield code="1">1</subfield>
    <subfield code="5">4</subfield>
    <subfield code="7">5</subfield>
    <subfield code="8">DS</subfield>
    <subfield code="a">BNPHU</subfield>
    <subfield code="b">BNPHU</subfield>
    <subfield code="c">MI</subfield>
    <subfield code="d">2010-05-05</subfield>
    <subfield code="i">LF1</subfield>
    <subfield code="l">0</subfield>
    <subfield code="o">658.4092 H557L</subfield>
    <subfield code="p">342-40</subfield>
    <subfield code="r">2020-06-25</subfield>
    <subfield code="t">e. 4</subfield>
    <subfield code="w">2020-06-25</subfield>
    <subfield code="y">LF1</subfield>
    <subfield code="Z">Pr&#xE9;stamo en sala</subfield>
  </datafield>
  <datafield tag="952" ind1=" " ind2=" ">
    <subfield code="0">0</subfield>
    <subfield code="1">0</subfield>
    <subfield code="7">2</subfield>
    <subfield code="8">PD</subfield>
    <subfield code="a">BNPHU</subfield>
    <subfield code="b">BNPHU</subfield>
    <subfield code="c">HD</subfield>
    <subfield code="d">2009-07-15</subfield>
    <subfield code="i">LF1</subfield>
    <subfield code="l">0</subfield>
    <subfield code="o">658.4092 H557L</subfield>
    <subfield code="p">342-10</subfield>
    <subfield code="r">2020-06-25</subfield>
    <subfield code="w">2020-06-25</subfield>
    <subfield code="y">LF1</subfield>
    <subfield code="Z">No se presta</subfield>
  </datafield>
  <datafield tag="952" ind1=" " ind2=" ">
    <subfield code="0">0</subfield>
    <subfield code="1">0</subfield>
    <subfield code="7">2</subfield>
    <subfield code="8">PD</subfield>
    <subfield code="a">BNPHU</subfield>
    <subfield code="b">BNPHU</subfield>
    <subfield code="c">HD</subfield>
    <subfield code="d">2009-07-15</subfield>
    <subfield code="i">LF1</subfield>
    <subfield code="l">0</subfield>
    <subfield code="o">658.4092 H557L</subfield>
    <subfield code="p">342-20</subfield>
    <subfield code="r">2020-06-25</subfield>
    <subfield code="t">e. 2</subfield>
    <subfield code="w">2020-06-25</subfield>
    <subfield code="y">LF1</subfield>
    <subfield code="Z">No se presta</subfield>
  </datafield>
  <datafield tag="999" ind1=" " ind2=" ">
    <subfield code="c">341</subfield>
    <subfield code="d">341</subfield>
  </datafield>
</record>
